Madhya Bharat panchayat act, 1956 (Record no. 488569)

000 -LEADER
fixed length control field 00364cam a22001097a 4500
008 - FIXED-LENGTH DATA ELEMENTS--GENERAL INFORMATION
fixed length control field 180718b xxu||||| |||| 00| 0 eng d
082 ## - DEWEY DECIMAL CLASSIFICATION NUMBER
Classification number B71103x5422 M264b
100 ## - MAIN ENTRY--PERSONAL NAME
Personal name Madhya Bharat
245 ## - TITLE STATEMENT
Title Madhya Bharat panchayat act, 1956
260 ## - PUBLICATION, DISTRIBUTION, ETC.
Place of publication, distribution, etc. Gwalior
Name of publisher, distributor, etc. The author
Date of publication, distribution, etc.
440 ## - SERIES STATEMENT/ADDED ENTRY--TITLE
Title Library has Act No. 16 of 1955 (fourth amendment) and Act no. 30 of 1956 (sixth amendment)
Holdings
Withdrawn status Lost status Damaged status Not for loan Permanent Location Current Location Date acquired Full call number Barcode Date last seen Price effective from Koha item type
        Indian Institute of Public Administration Indian Institute of Public Administration 2018-08-04 B71103x5422 M264b GG31796 2018-08-04 2018-08-04 GG
        Indian Institute of Public Administration Indian Institute of Public Administration 2018-08-04 B71103x5422 M264b GG989 2018-08-04 2018-08-04 GG

Powered by Koha